| 000 | 00572nam a22002052 4500 | ||
|---|---|---|---|
| 001 | 0000006141 | ||
| 005 | 20151217145830.0 | ||
| 008 | 070920s xx 000 0 eng d | ||
| 020 |
_a0070647771 : _cKES 2,400 |
||
| 040 |
_aKABU _cKABU |
||
| 100 | 1 |
_aSchach, Stephen R. _@0000154554 |
|
| 245 | 1 | 0 | _aSoftware engineering. |
| 250 | _a7th ed. | ||
| 260 |
_aNew Delhi : _bTata McGraw-Hill, _c2007. |
||
| 300 | _axxi,618 p. | ||
| 650 | 0 |
_aSoftware engineering. _@0000154311 |
|
| 908 | _a070920 | ||
| 950 | _@1 | ||
| 999 |
_c3053 _d3053 |
||